MARC

Tag First Indicator Second Indicator Subfields
LEADER 00000nam a2200000 i 4500
001 in00004798677
003 OCoLC
006 m o d
007 cr cnu---unuuu
008 210122s2021 mau ob 001 0 eng d
005 20251118220357.5
020 |a 0674249380  |q (electronic bk. : PDF) 
020 |a 9780674249363  |q (electronic bk. : ePub) 
020 |a 0674249364  |q (electronic bk. : ePub) 
020 |a 9780674249370  |q (electronic bk. : Mobi Pocket) 
020 |a 0674249372  |q (electronic bk. : Mobi Pocket) 
020 |a 9780674249387  |q (electronic bk.) 
020 |z 9780674248090 
020 |z 0674248090 
024 8 |a 99996752045 
035 |a (OCoLC)1232236497 
037 |a 22573/ctv1dm97td  |b JSTOR 
040 |a JSTOR  |b eng  |e rda  |e pn  |c JSTOR  |d OCLCO  |d UKAHL  |d EBLCP  |d YDX  |d MUU  |d OCL  |d N$T 
043 |a e-it--- 
050 4 |a HQ767.5.I8  |b C57 2021 
072 7 |a HIS  |x 020000  |2 bisacsh 
072 7 |a HIS  |x 037020  |2 bisacsh 
072 7 |a SOC  |x 046000  |2 bisacsh 
072 7 |a SOC  |x 028000  |2 bisacsh 
082 0 4 |a 362.1988/80094509031  |2 23 
100 1 |a Christopoulos, John,  |d 1983-  |e author. 
245 1 0 |a Abortion in early modern Italy /  |c John Christopoulos. 
264 1 |a Cambridge, Massachusetts :  |b Harvard University Press,  |c 2021. 
264 4 |c ©2021 
300 |a 1 online resource ( 360 pages) : 
336 |a text  |b txt  |2 rdacontent 
337 |a computer  |b c  |2 rdamedia 
338 |a online resource  |b cr  |2 rdacarrier 
490 1 |a I Tatti studies in Italian Renaissance history 
504 |a Includes bibliographical references and index. 
505 0 |a Introduction: The meanings of abortion -- Abortion and women's bodies : Rosana and Giovanni -- Abortion and the Church : Femia and Antino -- Abortion and the law : Maria and Superio. 
588 0 |a Online resource; title from digital title page (JSTOR, viewed April 14, 2021). 
650 0 |a Abortion  |z Italy  |x History  |y 16th century. 
650 0 |a Abortion  |z Italy  |x History  |y 17th century. 
650 0 |a Abortion  |x Moral and ethical aspects  |z Italy  |x History. 
650 0 |a Abortion  |x Religious aspects  |x History. 
650 0 |a Abortion  |x Law and legislation  |z Italy  |x History. 
650 7 |a HISTORY / Europe / Italy  |2 bisacsh 
650 7 |a Abortion.  |2 fast  |0 (OCoLC)fst00794582 
650 7 |a Abortion  |x Law and legislation.  |2 fast  |0 (OCoLC)fst00794598 
650 7 |a Abortion  |x Moral and ethical aspects.  |2 fast  |0 (OCoLC)fst00794606 
650 7 |a Abortion  |x Religious aspects.  |2 fast  |0 (OCoLC)fst00794616 
651 7 |a Italy.  |2 fast  |0 (OCoLC)fst01204565 
648 7 |a 1500-1699  |2 fast 
655 7 |a Electronic books.  |2 local 
710 2 |a JSTOR (Organization) 
776 1 8 |i Print version:  |a Christopoulos, John, 1983-  |t Abortion in early modern Italy.  |d Cambridge, Massachusetts : Harvard University Press, 2021  |z 9780674248090  |w (DLC) 2020017721  |w (OCoLC)1145917020 
830 0 |a I Tatti studies in Italian Renaissance history. 
856 4 0 |u http://proxy.library.tamu.edu/login?url=https://www.jstor.org/stable/10.2307/j.ctv1dp0v0g  |z Connect to the full text of this electronic book  |t 0 
945 |b 130819 
955 |a Course Affordability title 
980 |b crawley  |c 99996752045  |g 565759  |k USD  |m 79.50  |p HIST;618;600;Bouton  |q 1  |s AcqMono Conventional  |t Purchase at vendor system  |u Vendor order reference number  |v ZYBP  |y CrawleyEbook  |z Electronic resource 
999 f f |i d5cdbcae-6905-4c81-91e3-082e660a79e4  |s 6e5a9b93-5366-4d40-8b5b-83d213c471bc  |t 0 
952 f f |a Texas A&M University  |b College Station  |c Electronic Resources  |d Available Online  |t 0  |e HQ767.5.I8 C57 2021  |h Library of Congress classification 
998 f f |a HQ767.5.I8 C57 2021  |t 0  |l Available Online